| 000 | 00591nam a2200205Ii 4500 | ||
|---|---|---|---|
| 001 | 5426 | ||
| 003 | CO-ViMGA | ||
| 008 | 241108s9999||||xx |||||||||||||| ||und|| | ||
| 040 |
_aCO-ViMGA _bspa _erda _cCO-ViMGA |
||
| 041 | 0 | _aunk | |
| 082 | 0 | 4 | _a823.7-S531m |
| 100 | 1 | _aWalter Scott | |
| 245 | 1 | 0 | _a<El> monasterio |
| 264 | 1 | _a[Lugar de publicación no identificado] : Editorial Ramón Sopena, 1959 | |
| 300 | _avolumen | ||
| 336 |
_atext _btxt _2rdacontent |
||
| 337 |
_aunmediated _bn _2rdamedia |
||
| 338 |
_avolume _bnc _2rdacarrier |
||
| 940 | _aidficha_siabuc: 5282. -- ficha_no_siabuc:5426 | ||
| 999 |
_c55595 _d55595 |
||